00362pab a2200145 454500008004000000100002100040245004300061260000900104300001500113362000800128650001500136700001500151700002000166773003000186180718b2007 xxu||||| |||| 00| 0 eng d aMitchell, Andrew a`Work first' and immigrants in Toronto c2007 ap.293-307. aJul aImmigrants aHerd, Dean aLightman, Ernie aSocial Policy and Society